=LDR 00000nam 2200000 4500 =001 001196 =005 20250710012914 =035 ##$$a 0010-0725000148 =007 ta =008 250710################a##########0#ind## =020 ##$$a 978-623-307-183-3 =082 ##$$a 398.209 598 =084 ##$$a 398.209 598 LAY t =100 #$$a Layangmaya =245 1#$$a Tutu si Kutu Rambut /$c Layangmaya =250 ##$$a Cetakan Pertama =260 ##$$a Jakarta Timur :$b Badan Pengembangan dan Pembinaan Bahasa,$c 2022 =300 ##$$a 24 hlm : $b ilus. ; $c 29,7 cm =650 #4$$a Literasi-Bahan Bacaan =600 #4$$a Cerita anak-Indonesia =856 ##$$a TBM AS SUHADA